000 01133cam a22003377a 4500
003 CHAP
005 20220329142330.0
008 000731d1978 mx r 00110 spa d
010 _a81878
011 _a82850
035 _a93355
040 _cCHAP
090 _aFolleto 15942
110 1 _aMéxico. Leyes, decretos, etc.
_977071
245 1 0 _aLey de quemas :
_bley sobre el cultivo y explotación del henequén
_c/por CENAC RURAL
260 _a[México, D.F.] :
_bCentro Nacional de Capacitación del Sistema de Credito Rural,
_c1978.
300 _a16 p.
590 _aBATCH-UPD
_b10
_c20130110
_lUCH01
_h1852
590 _aBATCH-UPD
_b10
_c20130410
_lUCH01
_h1221
590 _aBATCH-UPD
_b10
_c20130914
_lUCH01
_h1122
590 _aCONVERSION
_b10
_c20130109
_lUCH01
_h1345
650 4 _aCultivos
_xMejoramiento.
_930293
650 0 4 _aQuema controlada.
_993164
650 1 4 _aHenequén.
_953567
650 1 4 _aQuema controlada.
_993164
740 0 0 _aLey sobre el cultivo y explotación del henequén
901 _aBK
905 _aGuadalupe Pinto C.
942 _cFOLL
949 _aFolleto 15942
_bBC
_cFOLL
_d933551
_eTS1
_i93355
_sb
999 _c81878
_d81878